[Event "Coliseo Department-ch"]
[Site "Coliseo"]
[Date "2020.12.11"]
[Round "2"]
[White "Gomez Loaiza, Jhon Fredy"]
[Black "Mejia Rodriguez, Yesica"]
[Result "1-0"]
[WhiteElo "2022"]
[BlackElo "1855"]
[PlyCount "33"]
[EventDate "2020.12.11"]
[EventType "swiss"]
[EventRounds "7"]
[EventCountry "COL"]
[SourceTitle "EXT 2022"]
[Source "ChessBase"]
[SourceDate "2021.10.06"]
[SourceVersion "1"]
[SourceVersionDate "2021.10.06"]
[SourceQuality "1"]

1. d4 d5 2. Nf3 Nf6 3. Bf4 e6 4. e3 c5 5. c3 cxd4 6. exd4 Nc6 7. Bd3 Be7 8. 0-0 0-0 9. Nbd2 Bd6 10. Bg5 h6 11. Bh4 e5 12. dxe5 Nxe5 13. Nxe5 Bxe5 14. Re1 Bd6 15. Qf3 Bg4 16. Bxf6 Bxf3 17. Bxd8 1-0

[Event "COL-chT 21st"]
[Site "Cartagena"]
[Date "2019.11.30"]
[Round "3.2"]
[White "Diaz, Luisa Fernanda"]
[Black "Mejia Rodriguez, Yesica"]
[Result "0-1"]
[WhiteElo "1628"]
[BlackElo "1763"]
[PlyCount "57"]
[EventDate "2019.11.30"]
[EventType "team-swiss"]
[EventRounds "9"]
[EventCountry "COL"]
[SourceTitle "CBM 195 Extra"]
[Source "ChessBase"]
[SourceDate "2020.05.31"]
[SourceVersion "1"]
[SourceVersionDate "2020.05.31"]
[SourceQuality "1"]
[WhiteTeam "Tolima"]
[BlackTeam "Caldas"]
[WhiteTeamCountry "COL"]
[BlackTeamCountry "COL"]

1. d4 d5 2. Bg5 g6 3. e3 Bg7 4. Bd3 Nf6 5. Nf3 0-0 6. h4 Bg4 7. Nbd2 Nbd7 8. c3 c5 9. Qc2 c4 10. Be2 h5 11. Nf1 Ne4 12. Bf4 Re8 13. N1h2 Bf5 14. Qd1 e5 15. dxe5 Nxe5 16. Nxe5 Bxe5 17. Bxe5 Rxe5 18. 0-0 Qxh4 19. Nf3 Qe7 20. Nxe5 Qxe5 21. Qd4 Qxd4 22. exd4 Be6 23. Bf3 Nd2 24. Bd1 Nf3+ 25. Bxf3 b5 26. Bd1 Rb8 27. b3 a6 28. Bc2 Kg7 29. Rab1 0-1

[Event "COL-chT rapid (Women)"]
[Site "Cartagena"]
[Date "2019.11.29"]
[Round "3.2"]
[White "Lizarazo, Alba Patricia"]
[Black "Mejia Rodriguez, Yesica"]
[Result "1/2-1/2"]
[WhiteElo "1806"]
[BlackElo "1702"]
[PlyCount "157"]
[EventDate "2019.11.29"]
[EventType "team-swiss"]
[EventRounds "7"]
[EventCountry "COL"]
[SourceTitle "CBM 193 Extra"]
[Source "ChessBase"]
[SourceDate "2020.01.31"]
[SourceVersion "1"]
[SourceVersionDate "2020.01.31"]
[SourceQuality "1"]
[WhiteTeam "Norte de Santander (W)"]
[BlackTeam "Caldas (W)"]
[WhiteTeamCountry "COL"]
[BlackTeamCountry "COL"]

1. e4 c5 2. c3 d6 3. d4 cxd4 4. cxd4 g6 5. Nf3 Bg7 6. Nc3 Nf6 7. Be2 0-0 8. 0-0 Bg4 9. Be3 Nc6 10. a3 Rc8 11. Qd2 Na5 12. Bd1 Bxf3 13. gxf3 Nc4 14. Qe2 Nxe3 15. Qxe3 Re8 16. Ba4 Rf8 17. Rad1 a6 18. e5 Nh5 19. f4 e6 20. Ne4 Bh6 21. Nxd6 Bxf4 22. Qh3 Qg5+ 23. Qg2 Qxg2+ 24. Kxg2 Rc7 25. Rfe1 Ng7 26. Re4 Bg5 27. f4 Be7 28. d5 b5 29. Bb3 exd5 30. Rxd5 Bxd6 31. Rxd6 a5 32. Rb6 Rc5 33. Ra6 a4 34. Bd1 Ne6 35. Rd6 Rfc8 36. Rb4 Kg7 37. Kg3 h5 38. h4 Rb8 39. Be2 Rb7 40. Bd3 Rb8 41. b3 axb3 42. Rxb3 Nc7 43. Be4 Na6 44. Rxa6 Rc4 45. Bd5 Rd4 46. Bf3 b4 47. axb4 Rbxb4 48. Rxb4 Rxb4 49. Ra7 Rb3 50. Kf2 Rb4 51. Ke3 Rb5 52. e6 Rf5 53. exf7 Rxf7 54. Rxf7+ Kxf7 55. Kd4 Kf6 56. Be4 Kf7 57. Kd5 Kf6 58. Kd6 Kf7 59. Ke5 Kg7 60. f5 gxf5 61. Bxf5 Kf7 62. Bc2 Kg7 63. Kf5 Kh6 64. Bd1 Kh7 65. Kg5 Kh8 66. Bxh5 Kh7 67. Be8 Kg7 68. Kh5 Kh7 69. Bg6+ Kg7 70. Kg5 Kh8 71. Kf6 Kg8 72. h5 Kh8 73. Be8 Kg8 74. Ke7 Kg7 75. Bf7 Kh8 76. Kf6 Kh7 77. Kg5 Kg7 78. Bg6 Kg8 79. h6 1/2-1/2

[Event "COL-chT rapid (Women)"]
[Site "Cartagena"]
[Date "2019.11.29"]
[Round "4.2"]
[White "Rivera, Ingris"]
[Black "Mejia Rodriguez, Yesica"]
[Result "1-0"]
[WhiteElo "2174"]
[BlackElo "1702"]
[PlyCount "43"]
[EventDate "2019.11.29"]
[EventType "team-swiss"]
[EventRounds "7"]
[EventCountry "COL"]
[SourceTitle "CBM 193 Extra"]
[Source "ChessBase"]
[SourceDate "2020.01.31"]
[SourceVersion "1"]
[SourceVersionDate "2020.01.31"]
[SourceQuality "1"]
[WhiteTeam "Bolivar (W)"]
[BlackTeam "Caldas (W)"]
[WhiteTeamCountry "COL"]
[BlackTeamCountry "COL"]

1. d4 d5 2. c4 c6 3. Nc3 Nf6 4. Bg5 dxc4 5. e3 Nbd7 6. Bxc4 g6 7. Nf3 Bg7 8. Qb3 0-0 9. 0-0 Nb6 10. Be2 Be6 11. Qc2 Bc4 12. Bxc4 Nxc4 13. Rfd1 Re8 14. e4 Nb6 15. h3 Qc7 16. Rac1 Rac8 17. b4 a6 18. a4 Nbd7 19. e5 h6 20. exf6 hxg5 21. fxg7 f6 22. Qxg6 1-0

[Event "COL-chT (Women)"]
[Site "Cartagena"]
[Date "2019.11.27"]
[Round "6.1"]
[White "Mejia Rodriguez, Yesica"]
[Black "Cespedes Galindo, Estefania"]
[Result "0-1"]
[WhiteElo "1859"]
[BlackElo "1706"]
[PlyCount "21"]
[EventDate "2019.11.24"]
[EventType "team-swiss"]
[EventRounds "7"]
[EventCountry "COL"]
[SourceTitle "CBM 193 Extra"]
[Source "ChessBase"]
[SourceDate "2020.01.31"]
[SourceVersion "1"]
[SourceVersionDate "2020.01.31"]
[SourceQuality "1"]
[WhiteTeam "Caldas (W)"]
[BlackTeam "Tolima (W)"]
[WhiteTeamCountry "COL"]
[BlackTeamCountry "COL"]

1. e4 c5 2. Nf3 Nc6 3. Bb5 g6 4. 0-0 d6 5. d4 cxd4 6. Nxd4 Bd7 7. Re1 Bg7 8. Be3 Nf6 9. Nd2 Nxd4 10. Bxd7+ Nxd7 11. Nb1 0-1

[Event "COL-chT (Women)"]
[Site "Cartagena"]
[Date "2019.11.24"]
[Round "2.1"]
[White "Finley Rosero, Karol Valentina"]
[Black "Mejia Rodriguez, Yesica"]
[Result "0-1"]
[WhiteElo "1595"]
[BlackElo "1859"]
[PlyCount "97"]
[EventDate "2019.11.24"]
[EventType "team-swiss"]
[EventRounds "7"]
[EventCountry "COL"]
[SourceTitle "CBM 193 Extra"]
[Source "ChessBase"]
[SourceDate "2020.01.31"]
[SourceVersion "1"]
[SourceVersionDate "2020.01.31"]
[SourceQuality "1"]
[WhiteTeam "Narino (W)"]
[BlackTeam "Caldas (W)"]
[WhiteTeamCountry "COL"]
[BlackTeamCountry "COL"]

1. e4 c5 2. Nf3 g6 3. d4 cxd4 4. Nxd4 Bg7 5. c4 d6 6. Nc3 Nf6 7. f3 0-0 8. Be3 Bd7 9. Be2 Nc6 10. 0-0 a6 11. Qd2 Rc8 12. Rac1 Nxd4 13. Bxd4 Qa5 14. Rfd1 Rfe8 15. b3 Bc6 16. Nd5 Qxd2 17. Nxf6+ Bxf6 18. Rxd2 Bg5 19. Rcd1 Bxd2 20. Rxd2 b5 21. Kf2 bxc4 22. Bxc4 Bb5 23. Bxb5 axb5 24. a4 bxa4 25. bxa4 Rc4 26. a5 Ra8 27. Bb6 f6 28. Ke3 Kf7 29. Kd3 Rc6 30. Rb2 e5 31. g3 Ke6 32. f4 f5 33. exf5+ gxf5 34. Re2 e4+ 35. Ke3 Rc3+ 36. Kf2 d5 37. Rb2 d4 38. Bxd4 Rf3+ 39. Ke2 Rxa5 40. Rb6+ Kd5 41. Be5 Ra2+ 42. Ke1 Rff2 43. Rd6+ Kc4 44. Rd4+ Kc5 45. Rd1 Rxh2 46. Bd4+ Kc4 47. Kf1 Rh1+ 48. Bg1 e3 49. Ke1 0-1